000 00274nam a2200109Ia 4500
005 20251222155147.0
008 251222s9999||||xx |||||||||||||| ||spa||
082 _aGIN.29.1-2/T.II
245 0 _aObstetricia I Y II parte Fotocopia folleto
264 _bNo tiene
942 _cLIB
999 _c39429
_d39429